| 000 | 01499cam a2200301 a 4500 | ||
|---|---|---|---|
| 001 | 13611745 | ||
| 005 | 20061228102735.0 | ||
| 008 | 040602s2005 enka |rb 001 0 eng | ||
| 010 | _a 2004013007 | ||
| 020 | _a0415249449 (pbk.) | ||
| 035 | _a(OCoLC)ocm55595594 | ||
| 040 |
_aDLC _cDLC _dYDX _dOCLCQ _dBAKER _dNLGGC _dDLC |
||
| 050 | 0 | 0 |
_aP99.4.S62 _bV36 2005 |
| 082 | 0 | 0 |
_a302.2 _222 _bLEE |
| 084 |
_a71.50 _2bcl |
||
| 100 | 1 |
_aVan Leeuwen, Theo, _d1947- _913221 |
|
| 245 | 1 | 0 |
_aIntroducing Social Semiotics / _cTheo van Leeuwen. |
| 260 |
_aLondon ; _aNew York : _bRoutledge, 2005 _c2005. |
||
| 300 |
_axii, 301 p. : _bill. ; _c26 cm. |
||
| 504 | _aIncludes bibliographical references and index. | ||
| 505 | 0 | _aSemiotic principles -- Semiotic resources -- Semiotic change -- Semiotic rules -- Semiotic functions -- Dimensions of semiotic analysis -- Discourse -- Genre -- Style -- Modality -- Multimodal cohesion -- Rhythm -- Composition -- Information linking -- Dialogue. | |
| 650 | 0 |
_aSemiotics _xSocial aspects. _913222 |
|
| 856 | 4 | 1 |
_3Table of contents _uhttp://www.loc.gov/catdir/toc/ecip0418/2004013007.html |
| 856 | 4 | 2 |
_3Publisher description _uhttp://www.loc.gov/catdir/enhancements/fy0650/2004013007-d.html |
| 942 |
_2ddc _cBB |
||
| 999 |
_c13806 _d13806 |
||